| 000 | 00487nam a22001697a 4500 | ||
|---|---|---|---|
| 003 | BD-DhUL | ||
| 005 | 20171126154332.0 | ||
| 008 | 171003snd ii ||||| |||| 00| 0 urd d | ||
| 040 |
_aBD-DhUL _cBD-DhUL |
||
| 082 |
_a920 _bABT |
||
| 100 | 0 | _aعبد الغفور نساخ | |
| 245 | 1 | 0 |
_aتزکرۃ المعاصرین / _cعبد الغفور نساخ |
| 260 |
_aکلکتہ : _bروز نامہ، _c۔ |
||
| 300 |
_aص۔ ۴۷ ؛ _c۲۹ سم۔ |
||
| 650 | 0 | _aBiography | |
| 942 |
_2ddc _cREF |
||
| 999 |
_c214594 _d214594 |
||